Wileńskie doświadczenia Konrada Górskiego
| Titel: | Wileńskie doświadczenia Konrada Górskiego |
|---|---|
| Verfasser: | |
| In: |
Życie literackie i literatura w Wilnie XIX-XX wieku, (2000), Seite 119-125 alle Artikel anzeigen |
| Veröffentlicht: | 2000 |
| Format: | Aufsatz |
| Sprache: | Polnisch |
X
alg: 39383405 001A $01999:12-11-16 001B $01999:28-05-21 $t19:21:03.000 001D $01999:12-11-16 001U $0utf8 001X $00 002@ $0Aox 003@ $0393834050 007A $0393834050 $aHEB 007T $0Herdk19290 010@ $apol 011@ $a2000 021A $aWileńskie doświadczenia Konrada Górskiego 027A $aKonrad Górskis Erfahrungen in Wilna 028A $aDziedzic $dStanisław 031A $h119-125 $j2000 039B $aIn $8--Aax--. Życie literackie i literatura w Wilnie XIX-XX wieku. - Kraków : Colegium Columbinum, 2000. - 312 S. $x200000000000000881 $9395586232 045F $a929.094793 $eDDC23BSB 045F/01 $a929 045F/03 $g4793 045F/03 $g438 045F/03 $g4382 045F/03 $g43832 046C $aKonrad Górskis Erfahrungen in Wilna $bÜbers. des Hauptsacht. lok: 39383405 78 exp: 39383405 78 1 #EPN 201B/01 $012-12-17 $t11:22:05.000 201U/01 $0utf8 203@/01 $0789944553 208@/01 $a12-11-16 $be 209A/01 $a/ $f000 $x00 220C/01 $aTitelaufnehmer: pbb 220C/01 $aHerkunft: IH PAN/PBB Kraków 244Z/01 $2Trx $#Prusy Wschodnie i Zachodnie $8--Trx--Ost- und Westpreußen $x01 $939113373X 244Z/01 $2Trx $#Litauen $#Lithuania $#Litwa $#Litva $#Litva $8--Trx--Lietuva $x02 $9391193457 244Z/01 $2Trx $#Poola $#Lenkija $#Polija $#Polen Land $#Poland $#Lengyelország $#Poľsko $#Polsko $8--Trx--Polska$gkraj $x03 $9391345966 244Z/01 $#Wilna $#Wilna Vilnius $#Wilnjus $#Wilno $#Vilna $#Vilni $#Wilniuje $#Wilna $75057560-0 $8--Tg1--Vilnius $x04 $9044721684 244Z/01 $aGeschichte 1895-1990 $x05 244Z/01 $2Trx $8--Trx--Górski, Konrad$Z1895-1990 $x06 $939068936X 244Z/01 $2Trx $#keeleteadlased $#kalbininkai $#linguist $#nyelvész $#językoznawcy $#jazykovedeci $#jazykovědci $#Philologen $#philologist $8--Trx--Sprachwissenschaftler $x07 $9391370707 244Z/01 $2Trx $#kirjandusteadlased $#literatūrologai $#literature specialist $#irodalomtudós $#filolodzy $#literárni vedci $#literární vědci $#literaturoznawcy $#historycy literatury $8--Trx--Literaturwissenschaftler $x08 $9391367455 244Z/01 $2Trx $8--Trx--Einzelbeiträge $x09 $9391384570 245Z/01 $a12.03 $x01 247C/01 $82080>Marburg/Lahn, Herder-Institut, Forschungsbibliothek, Bibliographieportal $9336309341
| LEADER | 00000caa a22000002c 4500 | ||
|---|---|---|---|
| 001 | 393834050 | ||
| 003 | DE-603 | ||
| 005 | 20210528192103.0 | ||
| 007 | tu | ||
| 008 | 161112s2000 xx |||| | u00||u|pol c | ||
| 035 | |a (DE-599)HEB393834050 | ||
| 040 | |a DE-603 |b ger |c DE-603 |d DE-603 | ||
| 041 | |a pol | ||
| 082 | 0 | 4 | |8 1\u |a 929.094793 |q DE-101 |2 23/BSB |
| 085 | |8 1\u |b 929 | ||
| 085 | |8 1\u |z 2 |s 4793 | ||
| 085 | |8 1\u |z 2 |s 438 | ||
| 085 | |8 1\u |z 2 |s 4382 | ||
| 085 | |8 1\u |z 2 |s 43832 | ||
| 100 | 1 | |a Dziedzic, Stanisław | |
| 245 | 0 | 0 | |a Wileńskie doświadczenia Konrada Górskiego |
| 246 | 1 | |i Übers. des Hauptsacht. |a Konrad Górskis Erfahrungen in Wilna | |
| 246 | 1 | 3 | |a Konrad Górskis Erfahrungen in Wilna |
| 264 | 0 | |c 2000 | |
| 773 | 0 | 8 | |i In |t Życie literackie i literatura w Wilnie XIX-XX wieku |d Kraków : Colegium Columbinum, 2000 |h 312 S., 8° |g (2000), Seite 119-125 |w (DE-603)395586232 |
| 924 | 0 | |9 2080 |a (DE-603)789944553 |b DE-2080 |c HES |d d |g / | |


